The future of knowledge & culture : (Record no. 1540586)
[ view plain ]
| 000 -LEADER | |
|---|---|
| fixed length control field | 00892nam a22002777a 4500 |
| 005 - DATE AND TIME OF LATEST TRANSACTION | |
| control field | 20220705061723.0 |
| 008 - FIXED-LENGTH DATA ELEMENTS--GENERAL INFORMATION | |
| fixed length control field | 220705s2005 ii ||||| |||| 001 0 eng d |
| 020 ## - INTERNATIONAL STANDARD BOOK NUMBER | |
| International Standard Book Number | 9780670058136 |
| Price | gift |
| 040 ## - CATALOGING SOURCE | |
| Original cataloging agency | NLI |
| Language of cataloging | eng |
| Transcribing agency | English Processing Division |
| 041 0# - LANGUAGE CODE | |
| Language code of text/sound track or separate title | eng |
| 044 ## - COUNTRY OF PUBLISHING/PRODUCING ENTITY CODE | |
| MARC country code | ii |
| 082 04 - DEWEY DECIMAL CLASSIFICATION NUMBER | |
| Edition number | 23rd ed. |
| Classification number | 306.03 |
| Book number | F 989 |
| 100 1# - MAIN ENTRY--PERSONAL NAME | |
| Linkage | 880-01 |
| 245 04 - TITLE STATEMENT | |
| Linkage | 880-02 |
| Title | The future of knowledge & culture : |
| Remainder of title | a dictionary for the 21st century / |
| Statement of responsibility, etc. | edited by Vinay Lal and Ashis Nandy |
| 260 ## - PUBLICATION, DISTRIBUTION, ETC. | |
| Place of publication, distribution, etc. | New Delhi ; |
| Name of publisher, distributor, etc. | Penguin group, |
| Date of publication, distribution, etc. | , 2005. |
| 300 ## - PHYSICAL DESCRIPTION | |
| Extent | xxiv,375 p.; |
| Dimensions | 22 cm. |
| 504 ## - BIBLIOGRAPHY, ETC. NOTE | |
| Bibliography, etc. note | Includes Indexes. |
| 650 #0 - SUBJECT ADDED ENTRY--TOPICAL TERM | |
| Topical term or geographic name entry element | Social history |
| Chronological subdivision | 21st century. |
| 650 #0 - SUBJECT ADDED ENTRY--TOPICAL TERM | |
| Topical term or geographic name entry element | Economic history |
| Chronological subdivision | 21st century. |
| 700 1# - ADDED ENTRY--PERSONAL NAME | |
| Personal name | Lal, Vinay |
| Relator term | edt. |
| 700 1# - ADDED ENTRY--PERSONAL NAME | |
| Personal name | Nandy, Ashis |
| Relator term | edt. |
| 852 ## - LOCATION | |
| Location | BB |
| 887 ## - NON-MARC INFORMATION FIELD | |
| Data Entry Operator Name / Verifier Name | upenmurmu |
| 942 ## - ADDED ENTRY ELEMENTS (KOHA) | |
| Source of classification or shelving scheme | Dewey Decimal Classification |
| Koha item type | Books |
| 650 #0 - SUBJECT ADDED ENTRY--TOPICAL TERM | |
| 9 (RLIN) | 875720 |
| 650 #0 - SUBJECT ADDED ENTRY--TOPICAL TERM | |
| 9 (RLIN) | 890357 |
| 700 1# - ADDED ENTRY--PERSONAL NAME | |
| Linkage | 880-03 |
| 9 (RLIN) | 1069710 |
| 700 1# - ADDED ENTRY--PERSONAL NAME | |
| 9 (RLIN) | 1120502 |
| Linkage | 880-03 |
| 880 1# - ALTERNATE GRAPHIC REPRESENTATION | |
| Linkage | 100-01 |
| Withdrawn status | Lost status | Source of classification or shelving scheme | Damaged status | Not for loan | Collection code | Home library | Current library | Shelving location | Date acquired | Source of acquisition | Total Checkouts | Full call number | Barcode | Date last seen | Price effective from | Koha item type |
|---|---|---|---|---|---|---|---|---|---|---|---|---|---|---|---|---|
| Dewey Decimal Classification | New English | National Library of India | National Library of India | New English - Main Stack Division | 28/04/2022 | Gift | E 306.03 F 989 | GIF000050144ENG | 05/07/2022 | 05/07/2022 | Books |
